Research and publication in health and physical education /

Bibliographic Details
Corporate Author: Texas A & M University. Department of Health and Physical Education
Other Authors: Dowell, Linus J., 1930-
Format: Book
Language:English
Published: [College Station] : The Department, 1980.
Subjects:

MARC

Tag First Indicator Second Indicator Subfields
LEADER 00000cam a2200000 a 4500
001 in00000081090
005 20151008055412.0
008 820330s1980 txu b s00010 eng d
035 |a (OCoLC)08292192 
035 |9 AAJ3375AM 
040 |a TXA  |c TXA  |d UtOrBLW 
049 |a TXAM  |c [800655] 
090 |a GV367.T4  |b T4 1980 
110 1 |a Texas A & M University.  |b Department of Health and Physical Education. 
245 1 0 |a Research and publication in health and physical education /  |c Department of Health and Physical Education, Texas A&M University ; editor, Linus J. Dowell. 
264 1 |a [College Station] :  |b The Department,  |c 1980. 
300 |a iii, 70 leaves ;  |c 28 cm. 
336 |a text  |b txt  |2 rdacontent 
337 |a unmediated  |b n  |2 rdamedia 
338 |a volume  |b nc  |2 rdacarrier 
610 1 0 |a Texas A & M University.  |b Department of Health and Physical Education  |x Bibliography. 
650 0 |a Physical education and training  |x Research. 
700 1 |a Dowell, Linus J.,  |d 1930- 
999 |a MARS 
999 f f |s e15bac6b-b2ac-35d3-aa05-50f9b728a38d  |i a1176b0e-f8a3-3c12-918f-d91482daeb80  |t 0 
952 f f |p ric  |a Texas A&M University  |b Rellis Campus  |c Joint Library Facility  |d Remote Storage  |t 0  |e GV367.T4 T4 1980  |h Library of Congress classification  |i unmediated -- volume  |m A14806061784 
998 f f |a GV367.T4 T4 1980  |t 0  |l Remote Storage